000 00679nam a2200241 i 4500
001 C2-0118850
003 PPAK
005 20180727111538.0
008 970804s1984 enk |||| ||||| | eng d
020 _a0002173352
040 _aPPAK
_beng
_cPPAK
_erda
082 0 4 _a650.1
_223
090 0 0 _a650.1
_bMCC
_dG
100 1 _aMcCormack, Mark H.,
_eauthor
245 1 0 _aWhat they don't teach you at Harvard, Business School
264 1 _aLondon :
_bWilliam Harper Collins and Sons ,
_c1984
300 _a251 pages ;
_c21 cm
336 _2rdacontent
_atext
337 _2rdamedia
_aunmediated
338 _2rdacarrier
_avolume
650 1 0 _aSuccess in business
942 _ddc
_cB
999 _c32606
_d32606